Ročenka slovenského stavebníctva 1999

Enregistré dans:
Détails bibliographiques
Format: Livre
Langue:slovaque
Publié: Bratislava ZSPS 1999
Sujets:
Tags: Ajouter un tag
Pas de tags, Soyez le premier à ajouter un tag!

MARC

LEADER 00000nam a2200000 4500
001 c116884
005 20251009080622.9
041 0 |a slo 
044 |a SK 
245 1 0 |a Ročenka slovenského stavebníctva 1999 
264 1 |a Bratislava  |b ZSPS  |c 1999 
300 |a 60 s. 
610 2 0 |a stavebníctvo 
610 2 0 |a staviteľstvo inžinierske 
610 2 0 |a staviteľstvo pozemné 
610 2 0 |a výroba stavebná 
610 2 0 |a výstavba bytová 
610 2 0 |a podnik stavebný 
610 2 0 |a Slovensko 
610 2 0 |a výrobky stavebné 
610 2 0 |a zamestnanci 
610 2 0 |a investície